| Tag |
First Indicator |
Second Indicator |
Subfields |
| LEADER |
00000nam a2200000 4500 |
| 001 |
in00004338913 |
| 005 |
20200812100118.0 |
| 006 |
m g d |
| 007 |
cr bn |||a|bb| |
| 008 |
860115s1641 enk o 00| | eng d |
| 035 |
|
|
|a (UnM)99859586
|
| 037 |
|
|
|a CL0051000001
|b ProQuest Information and Learning. 300 N. Zeeb Rd., Ann Arbor, MI 48106
|
| 040 |
|
|
|a Cu-RivES
|c Cu-RivES
|d CStRLIN
|e dcrb
|d WaOLN
|
| 100 |
1 |
|
|a Lenthall, William,
|d 1591-1662.
|
| 245 |
1 |
0 |
|a Mr. Speakers speech, with His Majesties speech to both Houses of Parliament, at the passing of the bill for tonnage and poundage: :
|b being an answer to Mr. Speakers speech at the presenting thereof 22. June 1641.
|
| 246 |
3 |
|
|a Mr. Speakers speech in the Lords House of Parliament, Iune 22. 1641
|
| 260 |
|
|
|a [London :
|b publisher not identified],
|c Printed in the yeare, 1641.
|
| 300 |
|
|
|a 1 online resource ([2], 3, [1], 5-6 pages)
|
| 336 |
|
|
|a text
|b txt
|2 rdacontent
|
| 337 |
|
|
|a computer
|b c
|2 rdamedia
|
| 338 |
|
|
|a online resource
|b cr
|2 rdacarrier
|
| 500 |
|
|
|a Place of publication from Wing.
|
| 500 |
|
|
|a Speaker of the House = William Lenthall.
|
| 500 |
|
|
|a In the second edition of Wing, Thomason E.198[24], "His Majesties speech to both Houses of Parliament, June 22 1641", is designated as Wing C2797. In the 1994 edition, Wing C2797 has been cancelled.
|
| 500 |
|
|
|a Reproduction of the original in the British Library.
|
| 510 |
4 |
|
|a Wing (2nd edition)
|c L1089
|
| 510 |
4 |
|
|a Thomason
|c E.198[23]
|
| 510 |
4 |
|
|a Thomason
|c E.198[24]
|
| 533 |
|
|
|a Electronic reproduction.
|b Ann Arbor, Mich. :
|c UMI,
|d 1999-
|f (Early English books online)
|n Digital version of: (Thomason Tracts ; 35:E198[23] and 35:E198[24])
|7 s1999 miun s
|
| 610 |
1 |
0 |
|a Great Britain
|x History
|y Civil War, 1642-1649
|v Early works to 1800.
|
| 650 |
|
0 |
|a Tonnage fees
|z England
|v Early works to 1800.
|
| 651 |
|
4 |
|a Great Britain
|x History
|y Charles I, 1625-1649
|v Early works to 1800.
|
| 700 |
0 |
|
|a Charles
|b I,
|c King of England,
|d 1600-1649.
|
| 710 |
1 |
|
|a England and Wales.
|b Sovereign (1625-1649 : Charles I).
|
| 710 |
1 |
|
|a England and Wales.
|b Parliament.
|
| 740 |
0 |
|
|a His Maiesties speech to both houses of Parliament, Iune 22 1641.
|
| 830 |
|
0 |
|a Early English books online.
|
| 856 |
4 |
0 |
|u http://proxy.library.tamu.edu/login?url=https://search.proquest.com/docview/2264190643
|z Connect to the full text of this electronic book
|t 0
|
| 856 |
4 |
0 |
|u http://proxy.library.tamu.edu/login?url=https://search.proquest.com/docview/2248515190
|z Connect to the full text of this electronic book
|t 0
|
| 999 |
f |
f |
|s 3dd3ff69-cd40-3016-9d15-16e90b88b439
|i 7abc6265-0e4d-3b05-bb64-9cccab6ec360
|t 0
|
| 952 |
f |
f |
|a Texas A&M University
|b College Station
|c Electronic Resources
|d Available Online
|t 0
|h No information provided
|
| 998 |
f |
f |
|t 0
|l Available Online
|